Les Administracions locals a Europa i el seu nou rol en la recuperació del poder local / Projecció Mecenatge Social, S.L. i Equip d'Anàlisi Política, Universitat Autònoma de Barcelona
Descripción Física:
XV, 54 p. ; 30 cm
Colección:
Elements de debat territorial
Materias:
Administració local -- Europa
MARC
| LEADER | 00000nam a2200000Ia 4500 | ||
|---|---|---|---|
| 001 | 13840 | ||
| 008 | 160829s2000 xx 000 0 cat d | ||
| 080 | |a M-4-50 | ||
| 245 | |a Les Administracions locals a Europa i el seu nou rol en la recuperació del poder local / Projecció Mecenatge Social, S.L. i Equip d'Anàlisi Política, Universitat Autònoma de Barcelona | ||
| 260 | |a Barcelona : |b Oficina de la Xarxa Barcelona Municipis de Qualitat, |c 2000 | ||
| 300 | |a XV, 54 p. ; |c 30 cm | ||
| 490 | |a Elements de debat territorial | ||
| 590 | |a Col·labora en l'edició l'Àrea de Cooperació Local de la Diputació de Barcelona | ||
| 650 | |a Administració local |x Europa |9 39237 | ||
| 710 | |a Universitat Autònoma de Barcelona. |b Equip d'Anàlisi Política |9 18483 | ||
| 710 | 2 | |a Xarxa Barcelona Municipis de Qualitat |9 41491 | |
| 710 | |a Projecció Mecenatge Social |9 4677 | ||
| 901 | |a Arxiu | ||
| 942 | |n 1 | ||
| 952 | |0 0 |1 0 |4 0 |6 M450 |7 1 |9 48883 |a Arxiu |b Arxiu |d 2016-12-01 |l 0 |o M-4-50 |p 13840 |r 2016-12-01 00:00:00 |w 2016-12-01 |y ARXIU | ||
| 999 | |c 52718 |d 52718 | ||